000 00663nam a2200193 i 4500
001 88721
003 ES-MaACL
005 20231226145006.0
007 t|
008 050105q1919 sp ||||1| spa d
100 1 _aLarra, Mariano José de,
_d1809-1837
_970287
245 1 0 _aIdeario español /
_cLarra (Fígaro) [seud.] ; recopilación de Andrés González-Blanco ; prólogo de Gabriel Alomar.
260 _aMadrid :
_bBiblioteca Nueva,
_c[1919?] (
_fExcelsior)
300 _a291 p. ;
_c19 cm.
700 1 _aGonzález-Blanco, Andrés,
_d1886-1924
_958459
700 1 _aAlomar, Gabriel.
_920175
852 _aES-MaACL
_jF-4899
999 _c88721
_d88721